000 00293nam a2200121Ia 4500
008 230312s9999||||xx |||||||||||||| ||und||
082 _a338.5024
_bSAL-M
100 _aSalvatore;Dominick
245 0 _aManagerial Economics in a global economy
300 _a737
650 _aEconomics
942 _cBK
999 _c702
_d702